=LDR 00000nam 2200000 4500 =001 INLIS000000000055248 =005 20200318095126 =035 ##$$a 0010-0320000355 =007 ta =008 200318###########################0#ind## =020 ##$$a 978-602-7572-82-9 =082 ##$$a 641.5 =084 ##$$a 641.5 Fit l =245 1#$$a 50 kreasi bento rumahan : $b Panduan menyiapkan bekal kreatif dan bergizi untuk si kecil /$c Fitriani Firmansyah =250 ##$$a Cet 1 =300 ##$$a 129 halaman : $b Ilustrasi ; $c 20 cm =650 #4$$a Masakan =700 #$$a Editor ; herlina P Dewi =264 ##$$a Jogyakarta :$b Stiletto book,$c 2018 =336 ##$$a Teks$2 rdacontent =337 ##$$a lain-lain$2 rdamedia =338 ##$$a lain-lain$2 rdacarrier =990 ##$$a 22732273 =990 ##$$a 22732273